000 00205nam a2200097Ia 4500
008 190216s9999||||xx |||||||||||||| ||und||
100 _aSayyid Iqthab
245 0 _aMalima Fil Jarih
260 _bNull
942 _cBK
999 _c94
_d94